000 00633cam a22002413a 4500
001 18901
003 PGUSA
005 20140828083412.0
008 060723s2006||||xxu|||||s|||||000 | eng d
040 _aPGUSA
_beng
042 _adc
050 4 _aTT
100 1 _aBurbank, Emily
245 1 0 _aWoman as Decoration
_h[electronic resource] /
_cEmily Burbank
260 _bProject Gutenberg,
_c2006
506 _aPublic domain in the USA.
516 _aElectronic text
653 _aCostume
653 _aWomen's clothing
830 0 _aProject Gutenberg
_v18901
856 4 0 _uhttp://www.gutenberg.org/ebooks/18901
942 _cEB
999 _c248156
_d248156